UBT Library

Motivation and productivity in the construction industry / (Record no. 43700)

000 -LEADER
fixed length control field 00648pam a2200217 a 4500
001 - CONTROL NUMBER
control field 2438063
005 - DATE AND TIME OF LATEST TRANSACTION
control field 20180228064508.0
008 - FIXED-LENGTH DATA ELEMENTS--GENERAL INFORMATION
fixed length control field 880808s1989 nyua 001 0 eng
010 ## - LIBRARY OF CONGRESS CONTROL NUMBER
LC control number 88027451
020 ## - INTERNATIONAL STANDARD BOOK NUMBER
International Standard Book Number 0442233515
040 ## - CATALOGING SOURCE
Original cataloging agency DLC
Transcribing agency DLC
Modifying agency DLC
041 ## - LANGUAGE CODE
Language code of text/sound track or separate title eng
080 ## - UNIVERSAL DECIMAL CLASSIFICATION NUMBER
Universal Decimal Classification number 624..0683 rob
082 00 - DEWEY DECIMAL CLASSIFICATION NUMBER
Classification number 624..0683 rob
Edition number 19
100 1# - Rafti
Rafti 27
101 ## - Shkurtesa
Shkurtesa eng
245 10 - TITLE STATEMENT
Title Motivation and productivity in the construction industry /
Statement of responsibility, etc Robert H. Warren.
906 ## - LOCAL DATA ELEMENT F, LDF (RLIN)
a 7
b cbc
c orignew
d 1
e ocip
f 19
g y-gencatlg
942 ## - ADDED ENTRY ELEMENTS (KOHA)
Source of classification or shelving scheme
Item type Books
Holdings
Withdrawn status Lost status Source of classification or shelving scheme Damaged status Not for loan Collection code Permanent location Current location Shelving location Date acquired Total Checkouts Full call number Barcode Date last seen Price effective from Koha item type
          Koleksioni i përgjithshem UBT - Lipjan UBT - Lipjan Koleksioni i përgjithshem 02/28/2018   624..0683 rob 002-3000102 02/28/2018 02/28/2018 Books
UBT Library © 2015-2024. All rights reserved University Education for Business and Technology